000 00232nam a2200121Ia 4500
100 _a#N/A
650 _aELECTRONICS
942 _cBK
245 _aEFY-JUNE 2010
260 _bEFY
_aNew Delhi
_c2010
546 _aENGLISH
999 _c19077
_d19077